| 000 | 00000nam##2200000za#4500 |
| 001 | 9.696585 |
| 003 | CaOODSP |
| 005 | 20210624235112 |
| 007 | cr ||||||||||| |
| 008 | 150407|1995||||xxc|||||o f|0| 0 eng|d |
| 040 | |aCaOODSP|beng |
| 043 | |an-cn--- |
| 086 | 1 |aH68-36/1995E-PDF |
| 110 | 1 |aCanada.|bNational Council of Welfare. |
| 245 | 10|aLegal aid and the poor |h[electronic resource] |
| 260 | |aOttawa - Ontario : |bNational Council of Welfare |cWinter 1995. |
| 300 | |a102p.|bgraphs, references, tables |
| 500 | |aContents: Introduction.--Why poor people need legal aid.--How legal aid programs work in Canada.--How good are legal aid services?--How legal aid can be improved.--Summary and recommendations.--Footnotes. |
| 500 | |aIncorrect catalogue number (H68-36/1995E) and the ISBN (0-662-22898-7) printed in this electronic publication. |
| 590 | |a12-36-Supp|b2012-08-22 |
| 690 | 07|aLegal aid|2gcpds |
| 775 | 08|tL'aide juridique et les pauvres |w(CaOODSP)9.640695 |
| 856 | 40|ahttp://publications.gc.ca|qPDF|s5.57 MB|uhttps://publications.gc.ca/collections/collection_2012/cnb-ncw/H68-36-1995-eng.pdf |